| 000 | 01271nam a2200205Ia 4500 | ||
|---|---|---|---|
| 003 | Ost | ||
| 005 | 20260507075029.0 | ||
| 008 | 260507s9999||||xx |||||||||||||| ||und|| | ||
| 040 | _cfsecg | ||
| 041 | _aara | ||
| 082 | _a330 | ||
| 100 |
_aسعد، غالب ياسين _eمؤلف |
||
| 245 | 0 |
_aالإدارة الدولية / _c غالب ياسين سعد |
|
| 260 |
_aعمان: _bدار اليازوري للنشر والتوزيع, _c2003 |
||
| 300 |
_a352 صفحة؛ _bإيضاحات ؛ _c24 سم |
||
| 520 | _aأساسيات الإدارة الدولية، الإدارة الدولية ومداخل الإنتقال الى أنشطة الاعمال الدولية، مراحل عملية الإدارة الدولية، صياغة استراتيجية الأعمال الدولية، تحليل حقيبة الأعمال للصياغة الاستراتيجية للأعمال الدولية، تطبيق إستراتيجية الأعمال الدولية، عمليات رقابة وتقييم إستراتيجية الأعمال الدولية، تنظيم الشركات متعددة الجنسيات، مدخل لوظائف منظمة الأعمال الدولية | ||
| 653 | _aالإدارة | ||
| 653 | _aالإدارة العامة | ||
| 942 | _cكتاب | ||
| 999 |
_c42371 _d42371 |
||